000 00326 a2200145 4500
001 147360
040 _cEscola São Tomás de Aquino
100 _aBORGES, Geruza Helena
240 1 0 _aFesta do divino
_lpor
245 1 0 _aFesta do divino
362 0 _a1993
440 1 _aMazza
697 _a*LITERATURA INFANTO
942 _cBK
999 _c147360
_d147360